000 00679nam a2200301Ia 4500
005 20260401122213.0
008 008 250103s9999 xx 000 0 eng d
020 _a9780195652376
037 _aTB
040 _aEDL
040 _beng
040 _cEDL
041 _2eng
041 _aeng
084 _a821 SHU
084 _qEDL
100 _aShulman, David
245 0 _aWisdom of Poets: Studies in Tamil, Telegu, and Sanskrit
245 0 _cShulman, David
260 _aNew Delhi
260 _bOxford University Press
260 _c2001
300 _a375p
942 _cTB
942 _h821 SHU
999 _c1845618
_d1845618